01434nam a2200337 a 450000100100000000500170001000800410002702000150006804000250008304100390010808200170014710000240016424000670018824501750025526000560043030000210048653400760050750400550058350000430063865000370068165000270071865000400074565000300078570000340081570000320084970000340088170000340091504900090094995201210095899900170107900002515020250707101256.0110210s1979 mx r 001 0 spa d a9682304431 aDO-SdBNPbspacBNPHU17aspahfre2Código de idiomas MARC a320.1bB344c1 aBauer, Otto.95157010aDie nationalitätenfrage und die socialdemokratie.lEspañol13aLa cuestión de las nacionalidades y la social democracia /cOtto Bauer ; traducción de Conrado Ceretti, Rodolfo Burkart e Irene del Carril, edición, José Aricó. aMéxico, D. F. :bSiglo Veintiuno Editores,c1979. a575 p. ;c21 cm. aTítulo original :tDie nationalitätenfrage und die socialdemokratie aIncluye referencias bibliográfíca : 566-572 p. aIncluye notas al pie de las páginas. 4aNacionalismo y socialismo951571 4aEstado nacional951572 0aCaracterísticas nacionales 96408 4aNacionalsocialismo9515731 aCeretti, Conrado,eed.9515741 aAricó, José,eed9469361 aBurkart, Rodolfo,etr.9515751 aCarril, Irene del,etr951576 aBNGR 001054708MOaGRbGRcCTd2011-02-10iLF1l0o320.1 B344cp25150-10r2020-06-25w2020-06-25y4ZPréstamo en sala c24643d24643